Hét ország kutatói Szegeden [Röv. hír.]
Elmentve itt :
| Dokumentumtípus: | Cikk |
|---|---|
| Megjelent: |
2003-03-05
|
| Sorozat: | Délmagyarország
93 No. 54 |
| Kulcsszavak: | Alkalmazott és Környezeti Kémiai Tanszék |
| Online Access: | http://dmarchiv.bibl.u-szeged.hu/124838 |
| LEADER | 00444nab a2200145 i 4500 | ||
|---|---|---|---|
| 001 | delm124838 | ||
| 005 | 20191125145522.0 | ||
| 008 | 191125s2003 hu o 0|| hun d | ||
| 040 | |a SZTE Délmagyarország Archívum |b hun | ||
| 041 | |a hun | ||
| 245 | 0 | 0 | |a Hét ország kutatói Szegeden [Röv. hír.] |h [elektronikus dokumentum] |
| 260 | |c 2003-03-05 | ||
| 300 | |a 4 | ||
| 490 | 0 | |a Délmagyarország |v 93 No. 54 | |
| 695 | |a Alkalmazott és Környezeti Kémiai Tanszék | ||